000 01114nam a2200265Ia 4500
003 OSt
005 20220930095059.0
006 a|||||r|||| 00| 0
007 ta
008 220926b |||||||| |||| 00| 0 san d
024 _a71482
037 _cTheses
040 _aCRL
_cCRL
_bsan
041 _2san
_asan
100 _aदिनेश कुमार, ले.
110 _aदिल्ली विश्वविद्यालय. कला संकाय. संस्कृत विभाग
245 0 _aभास के बृहत्कथामूलक नाटकों की ध्वनिशास्त्रीय समीक्षा
246 _aBhās ke bṛuhatkathāmūlak nāṭakoan kī dhvanishāstrīya samīkṣhā
260 _c2019
300 _a285पृ0
_ap.
_ccm.
650 _aसंस्कृत साहित्य
700 _aदिल्ली विश्वविद्यालय. कला संकाय. संस्कृत विभाग
942 _cDIS
_2CC
999 _c888290
_d888290